[Event "Otocec Krka Terme op"]
[Site "Otocec"]
[Date "2017.11.04"]
[Round "6"]
[White "Setar, Bogomir"]
[Black "Zidar, Jernej"]
[Result "0-1"]
[WhiteElo "1466"]
[BlackElo "1302"]
[PlyCount "64"]
[EventDate "2017.11.02"]
[EventType "swiss"]
[EventRounds "9"]
[EventCountry "SLO"]
[SourceTitle "EXT 2019"]
[Source "ChessBase"]
[SourceDate "2018.10.10"]
[SourceVersion "1"]
[SourceVersionDate "2018.10.10"]
[SourceQuality "1"]

1. d4 d5 2. c4 c6 3. e3 Nf6 4. Nc3 e6 5. Bd3 Nbd7 6. Nge2 Be7 7. 0-0 0-0 8. e4 dxe4 9. Nxe4 b6 10. Re1 Bb7 11. N2g3 c5 12. Be3 Qc7 13. Rc1 Rfd8 14. Qe2 Nxe4 15. Nxe4 Nf6 16. Nxf6+ Bxf6 17. dxc5 bxc5 18. Bb1 Be5 19. f4 Bd4 20. Bxd4 Rxd4 21. f5 Re8 22. Qh5 Qc6 23. Qh3 Rd2 24. Be4 Qd7 25. fxe6 Qd4+ 26. Qe3 Bxe4 27. Qxd4 Rxd4 28. exf7+ Kxf7 29. Re3 Rd2 30. Rf1+ Kg8 31. Rfe1 Rxg2+ 32. Kh1 Rg4+ 0-1

[Event "Otocec Krka Terme op"]
[Site "Otocec"]
[Date "2017.11.03"]
[Round "4"]
[White "Setar, Bogomir"]
[Black "Rudman, Rok"]
[Result "1-0"]
[WhiteElo "1466"]
[BlackElo "1179"]
[PlyCount "61"]
[EventDate "2017.11.02"]
[EventType "swiss"]
[EventRounds "9"]
[EventCountry "SLO"]
[SourceTitle "EXT 2019"]
[Source "ChessBase"]
[SourceDate "2018.10.10"]
[SourceVersion "1"]
[SourceVersionDate "2018.10.10"]
[SourceQuality "1"]

1. d4 d5 2. c4 e6 3. Nc3 Nf6 4. cxd5 exd5 5. Bg5 Be7 6. e3 0-0 7. Bd3 c6 8. Nge2 Re8 9. 0-0 h6 10. Bh4 Nh5 11. Bxe7 Qxe7 12. Qd2 Nf6 13. Ng3 b6 14. Rac1 Ba6 15. Rfe1 Bxd3 16. Qxd3 Nbd7 17. Nce2 Rec8 18. Nf4 Qf8 19. Nf5 g6 20. Ng3 c5 21. b3 Qd6 22. Nxg6 Ne4 23. Nf4 Nxg3 24. hxg3 Nf6 25. Qa6 Qd7 26. dxc5 Rxc5 27. Rxc5 Kg7 28. Rc2 d4 29. Rd1 Qf5 30. Qd3 Qxd3 31. Rxd3 1-0

[Event "Otocec Krka Terme op"]
[Site "Otocec"]
[Date "2016.10.22"]
[Round "3"]
[White "Kavcic, Bor"]
[Black "Setar, Bogomir"]
[Result "1/2-1/2"]
[WhiteElo "1214"]
[BlackElo "1656"]
[PlyCount "97"]
[EventDate "2016.10.21"]
[EventType "swiss"]
[EventRounds "5"]
[EventCountry "SLO"]
[SourceTitle "EXT 2019"]
[Source "ChessBase"]
[SourceDate "2018.10.10"]
[SourceVersion "1"]
[SourceVersionDate "2018.10.10"]
[SourceQuality "1"]

1. e4 e6 2. d4 d5 3. Nd2 c5 4. c3 dxe4 5. Nxe4 cxd4 6. cxd4 Nc6 7. Nf3 Nf6 8. Nxf6+ Qxf6 9. Bg5 Bb4+ 10. Ke2 Qf5 11. Qd3 Qxd3+ 12. Kxd3 0-0 13. a3 Be7 14. Bxe7 Nxe7 15. Ne5 b6 16. Rc1 Ba6+ 17. Kd2 Bxf1 18. Rhxf1 Rac8 19. Rfd1 Rfd8 20. Ke2 f6 21. Nf3 Rc6 22. g4 Rdc8 23. Rxc6 Rxc6 24. h4 Nd5 25. Kf1 a5 26. g5 Kf7 27. Kg2 h6 28. Kg3 a4 29. Kg4 hxg5 30. hxg5 Rc2 31. Rd2 Rc1 32. Re2 b5 33. Rd2 Nb6 34. Re2 Nc4 35. gxf6 gxf6 36. Ne1 Rd1 37. Nf3 Rb1 38. d5 exd5 39. Nd4 Rxb2 40. Rxb2 Nxb2 41. Nxb5 Nc4 42. Nc3 Ke6 43. Nxa4 Nxa3 44. Kf3 Ke5 45. Ke3 Nb5 46. Nb6 d4+ 47. Kd3 f5 48. Nc4+ Kf4 49. Nd2 1/2-1/2